El castellano, primer idioma de Hispania / (Record no. 185386)

MARC details
000 -LEADER
campo de control de longitud fija 01302nam a2200313 i 4500
001 - NÚMERO DE CONTROL
campo de control 185386
003 - IDENTIFICADOR DE NÚMERO DE CONTROL
campo de control SpMaBN
005 - FECHA Y HORA DE LA ÚLTIMA TRANSACCIÓN
campo de control 20250822055324.0
008 - DATOS DE LONGITUD FIJA--INFORMACIÓN GENERAL
campo de control de longitud fija 160527s2012 sp abo |||| | spa d
080 ## - NÚMERO DE LA CLASIFICACIÓN DECIMAL UNIVERSAL
Número de la Clasificación Decimal Universal 811.134.2(091)
080 ## - NÚMERO DE LA CLASIFICACIÓN DECIMAL UNIVERSAL
Número de la Clasificación Decimal Universal 94(460.18-89)
100 1# - ENTRADA PRINCIPAL--NOMBRE DE PERSONA
Nombre de persona Royano Gutiérrez, Lourdes.
9 (RLIN) 159676
245 13 - MENCIÓN DEL TÍTULO
Título El castellano, primer idioma de Hispania /
Mención de responsabilidad, etc. [textos, Lourdes Royano Gutiérrez].
246 35 - FORMA VARIANTE DEL TITULO
Título propio/Titulo breve Castilla durante los siglos de la Reconquista
260 ## - PUBLICACIÓN, DISTRIBUCIÓN, ETC.
Lugar de publicación, distribución, etc. Potes, Cantabria :
Nombre del editor, distribuidor, etc. Casa de Cultura de Potes ;
Lugar de publicación, distribución, etc. México :
Nombre del editor, distribuidor, etc. Frente de Afirmación Hispanista,
Fecha de publicación, distribución, etc. [2012]
300 ## - DESCRIPCIÓN FÍSICA
Extensión 33 p. :
Otras características físicas il. col. y n., mapa ;
Dimensiones 29 cm.
490 1# - MENCIÓN DE SERIE
Mención de serie Museo Cartográfico "Juan de la Cosa" ;
Designación de volumen o secuencia 5
504 ## - NOTA DE BIBLIOGRAFÍA, ETC.
Nota de bibliografía, etc. Bibliografía: p. 23.
505 8# - NOTA DE CONTENIDO CON FORMATO
Nota de contenido con formato Contiene: ;
Título Castilla durante los siglos de la Reconquista /
Mención de responsabilidad Américo Castro
596 ## - NOTA AL PIE DE IMPRENTA
NOTA AL PIE DE IMPRENTA En cub.: Museo Cartográfico Juan de la Cosa.
650 07 - PUNTO DE ACCESO ADICIONAL DE MATERIA--TÉRMINO DE MATERIA
Término de materia o nombre geográfico como elemento de entrada Lengua española-
Subdivisión de forma Historia.
9 (RLIN) 14166
651 #4 - PUNTO DE ACCESO ADICIONAL DE MATERIA--NOMBRE GEOGRÁFICO
Nombre geográfico Castilla (Reino)-
Subdivisión general Historia.
9 (RLIN) 7987
700 1# - ENTRADA AGREGADA--NOMBRE PERSONAL
Nombre de persona Castro, Américo,
Fechas asociadas al nombre 1885-1972
9 (RLIN) 226525
710 2# - ENTRADA AGREGADA--NOMBRE DE ENTIDAD CORPORATIVA
Nombre de entidad corporativa o nombre de jurisdicción como elemento de entrada Museo Cartográfico Juan de la Cosa.
9 (RLIN) 159677
710 2# - ENTRADA AGREGADA--NOMBRE DE ENTIDAD CORPORATIVA
Nombre de entidad corporativa o nombre de jurisdicción como elemento de entrada Frente de Afirmación Hispanista, A.C.
9 (RLIN) 159234
830 0# - PUNTO DE ACCESO ADICIONAL DE SERIE-TÍTULO UNIFORME
Título uniforme Museo Cartográfico "Juan de la Cosa" ;
Designación de volumen o secuencia 5
9 (RLIN) 225197
852 ## - LOCALIZACIÓN
Ubicación ES-MaACL
Número de control de estantería 2330-F-19
Holdings
Estatus retirado Estado de pérdida Estado de daño No para préstamo Colección Biblioteca de origen Biblioteca actual Ubicación en estantería Fecha de adquisición Fuente de adquisición Total de préstamos Signatura topográfica completa Código de barras Visto por última vez Precio de reemplazo Tipo de ítem Koha
        Colección de folletos Biblioteca del Ateneo de Madrid Biblioteca del Ateneo de Madrid Depósito folletos 27/05/2016     2330-F-19 1195314 23/02/2023 23/02/2023 Folleto